Speak english fluently

Salvato in:
Dettagli Bibliografici
Autore principale: Low, Ona (autora)
Natura: Libro
Lingua:inglese
Pubblicazione: Londres Edward Arnold 1977
Soggetti:
Tags: Aggiungi Tag
Nessun Tag, puoi essere il primo ad aggiungerne!!

MARC

LEADER 00000nam a2200000 a 4500
001 UCI1312
003 CL-VaPUC
008 070629e19770000UK |||||||||||||||||eng|d
020 |a 0713115432 
020 |a 0713115939 
082 0 4 |a 428.8  |b LOW  |2 21 
100 |a Low, Ona  |e autora  |9 567911 
245 1 0 |a Speak english fluently 
300 |a v 
942 |c BK 
945 |d 20070629 00:00:00  |a rbrito 
260 |a Londres  |b Edward Arnold  |c 1977 
650 0 |a Enseñanza del inglés  |9 367340 
650 0 |a Enseñanza de idiomas  |9 339820 
650 0 |a Educación lingüística  |9 306506 
583 |a last modification  |c 20170823 05:09:53  |k Rodrigo Vera 
999 |c 326144  |d 326142 
952 |0 0  |1 0  |4 0  |6 428_800000000000000_LOW_1977  |7 0  |8 A  |9 407881  |a BIBEDU  |b BIBEDU  |d 2019-11-22  |h v.1  |i 4067762  |o 428.8 LOW 1977  |p 4067762  |r 2019-11-22  |w 2019-11-22  |y BK  |k LIT 
952 |0 0  |1 0  |4 0  |6 428_800000000000000_LOW_1977  |7 0  |8 A  |9 407882  |a BIBEDU  |b BIBEDU  |d 2019-11-22  |h v.2  |i 4067770  |o 428.8 LOW 1977  |p 4067770  |r 2019-11-22  |w 2019-11-22  |y BK  |k LIT